Disposición, construcción y mueblaje de las escuelas públicas de instrucción primaria / (Record no. 163335)

MARC details
000 -LEADER
campo de control de longitud fija 01041nam a2200217 i 4500
001 - NÚMERO DE CONTROL
campo de control 163335
003 - IDENTIFICADOR DE NÚMERO DE CONTROL
campo de control ES-MaACL
005 - FECHA Y HORA DE LA ÚLTIMA TRANSACCIÓN
campo de control 20250821063102.0
008 - DATOS DE LONGITUD FIJA--INFORMACIÓN GENERAL
campo de control de longitud fija 990416s1878 sp af |||| | spa d
040 ## - FUENTE DE CATALOGACIÓN
Centro catalogador/agencia de origen CCPB | B
Lengua de catalogación spa
Centro/agencia transcriptor CCPB | B
100 1# - ENTRADA PRINCIPAL--NOMBRE DE PERSONA
Nombre de persona Repullés y Vargas, Enrique María,
Fechas asociadas al nombre 1845-1922
9 (RLIN) 96277
245 10 - MENCIÓN DEL TÍTULO
Título Disposición, construcción y mueblaje de las escuelas públicas de instrucción primaria /
Mención de responsabilidad, etc. por Enrique María Repullés y Vargas.
250 ## - MENCION DE EDICION
Mención de edición 2ª ed.
260 ## - PUBLICACIÓN, DISTRIBUCIÓN, ETC.
Lugar de publicación, distribución, etc. Madrid :
Nombre del editor, distribuidor, etc. [s.n.],
Fecha de publicación, distribución, etc. 1878 (
Fabricante Imprenta de Fortanet)
300 ## - DESCRIPCIÓN FÍSICA
Extensión VI, 116 p., XII, [1] h. de lám. ;
Dimensiones 26 cm.
530 ## - NOTA DISPONIBLE DE FORMULARIO FÍSICO ADICIONAL
Nota de formato físico adicional disponible Disponible en formato digital.
650 #4 - PUNTO DE ACCESO ADICIONAL DE MATERIA--TÉRMINO DE MATERIA
Término de materia o nombre geográfico como elemento de entrada Edificios para la enseñanza-
Subdivisión general Diseño y construcción.
9 (RLIN) 167154
852 ## - LOCALIZACIÓN
Ubicación ES-MaACL
Número de control de estantería T-521-F-8
Nota libre -- Enc. hol., conservando la enc. original
-- -- Ded. del autor al Presidente de la Sección de ciencias del Ateneo de Madrid: para la biblioteca
856 ## - LOCALIZACIÓN Y ACCESO ELECTRÓNICOS
Identificador Uniforme de Recursos <a href="http://bdh-rd.bne.es/viewer.vm?id=0000246143&page=1 ">http://bdh-rd.bne.es/viewer.vm?id=0000246143&page=1 </a>
Nota pública Biblioteca Digital Hispánica
Holdings
Estatus retirado Estado de pérdida Estado de daño No para préstamo Colección Biblioteca de origen Biblioteca actual Ubicación en estantería Fecha de adquisición Total de préstamos Signatura topográfica completa Código de barras Visto por última vez Precio de reemplazo Tipo de ítem Koha
        Colección de folletos Biblioteca del Ateneo de Madrid Biblioteca del Ateneo de Madrid Depósito folletos 17/01/2008   T-521-F-8 1171160 23/02/2023 23/02/2023 Folleto